000 00434nam a22001817a 4500
005 20250521115819.0
008 250521b |||||||| |||| 00| 0 eng d
020 _a9780077096151
050 _aHB171
_b.5 BEA
100 _aBegg, David
245 _aEconomics
250 _a6th
260 _aLondon
_bMcGraw-Hill
_cc2000
300 _axvii, 634p
700 _aFischer, Stanley
700 _aDornbusch, Rudiger
942 _2lcc
_cBK
_n0
999 _c5889
_d5889